[Event "RSA-ch U18/20 Girls"]
[White "Schoeman, Anja"]
[Black "February, Jesse Nikki"]
[Site "Bloemfontein"]
[Round "9"]
[Result "0-1"]
[Date "2016.03.24"]
[WhiteElo "1375"]
[BlackElo "1882"]
[PlyCount "66"]
[EventDate "2016.03.20"]
[EventType "swiss"]
[EventRounds "11"]
[EventCountry "RSA"]
[SourceTitle "CBM 171 Extra"]
[Source "ChessBase"]
[SourceDate "2016.04.26"]
[SourceVersion "1"]
[SourceVersionDate "2016.04.26"]
[SourceQuality "1"]

1. Nf3 Nc6 2. g3 e5 3. d3 f5 4. Nbd2 Nf6 5. Bg2 Bc5 6. Nb3 Bb6 7. 0-0 0-0 8. Re1 d6 9. e4 Ng4 10. Rf1 f4 11. d4 fxg3 12. hxg3 exd4 13. Nbxd4 Nxd4 14. Nxd4 Nxf2 15. Qd2 Ng4 16. c3 Rxf1+ 17. Kxf1 Qf6+ 18. Ke1 Bd7 19. Kd1 Rf8 20. Ke1 Re8 21. Ke2 d5 22. Kd3 dxe4+ 23. Kc2 e3 24. Qe2 Bxd4 25. cxd4 Qxd4 26. Bf3 Bf5+ 27. Kb3 Re6 28. a4 Rb6+ 29. Qb5 Qd3+ 30. Ka2 Rxb5 31. axb5 Be6+ 32. Bd5 Bxd5+ 33. b3 Qxb3# 0-1

[Event "RSA-ch U18/20 Girls"]
[White "Schoeman, Anja"]
[Black "Swart, Melanie"]
[Site "Bloemfontein"]
[Round "1"]
[Result "1-0"]
[Date "2016.03.20"]
[WhiteElo "1375"]
[BlackElo "827"]
[PlyCount "93"]
[EventDate "2016.03.20"]
[EventType "swiss"]
[EventRounds "11"]
[EventCountry "RSA"]
[SourceTitle "CBM 171 Extra"]
[Source "ChessBase"]
[SourceDate "2016.04.26"]
[SourceVersion "1"]
[SourceVersionDate "2016.04.26"]
[SourceQuality "1"]

1. c4 d5 2. cxd5 Qxd5 3. Nc3 Qd8 4. e3 a6 5. d4 b6 6. g3 Bb7 7. Nf3 e6 8. Bg2 Bb4 9. Bd2 Qd7 10. 0-0 Bxc3 11. Bxc3 Qc8 12. d5 f6 13. dxe6 Qxe6 14. Ng5 Qc8 15. Bxb7 Qxb7 16. Ne6 c5 17. Qd8+ Kf7 18. Nc7 Qc6 19. Nxa8 Qxa8 20. Qxb6 Nd7 21. Qc7 Ke7 22. Rad1 Qd8 23. Qxd8+ Kxd8 24. Rd6 Ne7 25. Rfd1 Kc8 26. Rxd7 Re8 27. Ba5 Nc6 28. Rc7+ Kb8 29. Rxc6 Kb7 30. Rc7+ Kb8 31. Rcd7 Kc8 32. Rd8+ Rxd8 33. Rxd8+ Kb7 34. Rd7+ Kc6 35. Rxg7 Kb5 36. Bc3 h5 37. Bxf6 a5 38. a3 c4 39. Rg5+ Kc6 40. Kg2 Kd6 41. Kf3 Ke6 42. Bc3 Kf7 43. Kf4 Ke6 44. Ke4 Kf7 45. Ke5 Kf8 46. Ke6 Ke8 47. Rg8# 1-0

[Event "RSA-ch U16 Girls"]
[White "Schoeman, Anja"]
[Black "Surujhlal, Kayla"]
[Site "Waterkloof"]
[Round "7"]
[Result "1-0"]
[Date "2015.04.08"]
[WhiteElo "1378"]
[BlackElo "1139"]
[PlyCount "147"]
[EventDate "2015.04.04"]
[EventType "swiss"]
[EventRounds "9"]
[EventCountry "RSA"]
[SourceTitle "CBM 166 Extra"]
[Source "ChessBase"]
[SourceDate "2015.06.18"]
[SourceVersion "1"]
[SourceVersionDate "2015.06.18"]
[SourceQuality "1"]

1. c4 Nf6 2. d3 g6 3. Nc3 Bg7 4. Nf3 d6 5. g3 0-0 6. Bg2 Nc6 7. 0-0 Bg4 8. Be3 Qc8 9. Qd2 Bh3 10. Bh6 Bxg2 11. Kxg2 Nh5 12. Bxg7 Kxg7 13. Rab1 a5 14. a3 f5 15. e3 e6 16. Rbd1 Ne7 17. d4 b6 18. Na4 Qb7 19. c5 Qc6 20. cxd6 cxd6 21. Nc3 Qb7 22. Nb5 Rad8 23. Rc1 Rd7 24. Rc3 Nd5 25. Rc2 Nc7 26. Nxc7 Rxc7 27. Rxc7+ Qxc7 28. Rc1 Qb7 29. Qc2 Rf7 30. Qc6 Qb8 31. Qc8 Qxc8 32. Rxc8 Rb7 33. Rc6 Kf6 34. Rxd6 Ke7 35. Rc6 h6 36. Ne5 g5 37. Nc4 Kd7 38. Rxb6 Rxb6 39. Nxb6+ Kc6 40. Nc4 Kb5 41. Nd2 Nf6 42. b3 Nd5 43. e4 Nf6 44. exf5 exf5 45. Kf3 h5 46. h3 Nd5 47. g4 fxg4+ 48. hxg4 h4 49. Ke4 h3 50. Nf3 Nc3+ 51. Kf5 Nb1 52. Kxg5 Nxa3 53. Kf6 Nc2 54. g5 Kb4 55. g6 Nxd4 56. Nh2 Nxb3 57. g7 a4 58. g8Q a3 59. Qa8 Na5 60. Qb8+ Ka4 61. Qb1 Nb3 62. f4 Kb4 63. Qa2 Nd4 64. Ke5 Nc6+ 65. Kd6 Nd4 66. Kd5 Nb3 67. f5 Na5 68. f6 Ka4 69. f7 Kb5 70. f8Q Kb6 71. Qaxa3 Ka6 72. Qfd6+ Kb7 73. Qxa5 Kc8 74. Qac7# 1-0